Регионална библиотека "Любен Каравелов" - Русе

Апретиране на тъкани от щапелни целвлакна (Запис номер 393788)

MARC детайли
000 -Лидер
Контролно поле с фиксирана дължина nam a22 c 4500
003 - Код на организацията, давaща контролен номер
Контролно поле BLK
005 - Дата и час на последна редакция
Контролно поле 20210113094559.0
008 - Елементи от данни с фиксирана дължина
fixed length control field 200311b bul|||||r ||||||| ||bul||
040 ## - Източник на каталожния запис
Идентификатор на билиотеката - собственик на записа BLK
041 ## - Код за език
Код за езика на текст/звукозапис или на отделно заглавие Български
Код за езика КДБФ Български
080 ## - УДК
Текстов определител УДК Текстилна промишленост. Технология на влакнестите мателиали
УДК код - определител по УДК 677
УДК - код + определител 677
139 ## - Редно поле
Редна дума Апретиране на тъкани от щапелни целвлакна
245 10 - Сведения за заглавието
Заглавие Апретиране на тъкани от щапелни целвлакна
Подзаглавни данни Темат. справка
Редно поле (дума) Реферирал и състав. Петко Лалов; реферирал и състав. Ана Семерджиева; консултант Кирил Топалов.
257 ## - Страна на издаване
Страна на създаване/издаване България
260 ## - Област на издателските данни
Място на издаване, разпространение и проч. София
Име на издателя, разпространителя и проч. БАН
Година на издаване 1960
9 (RLIN) 406277
300 ## - Физическа характеристика
Страници 42 с.
Размери/Мащаб 29 см
380 ## - Жанр
Жанр Техника
500 ## - Общи забележки
Забележка Кор. опис. - Изд. на БАН. К-т по техн. прогрес. Център за науч. и техн. информация и документация. - Литогр. изд. - 250 тир.
650 #0 - Допълнително описание по предмет – тема
9 (RLIN) 319467
Основно описание – тема или топоним Текстилно производство
653 #0 - Ключова дума – ненормативна
Ключова дума апретурно производство
9 (RLIN) 422867
700 ## - Други автори (авторска отговорност)
Лично име Лалов, Петко
Автороска отговорност (Описва отношението между автора и произведението) реферирал и състав.
9 (RLIN) 1353
700 ## - Други автори (авторска отговорност)
Лично име Семерджиева, Ана
Автороска отговорност (Описва отношението между автора и произведението) реферирал и състав.
9 (RLIN) 437428
700 ## - Други автори (авторска отговорност)
Лично име Топалов, Кирил
Автороска отговорност (Описва отношението между автора и произведението) консултант
9 (RLIN) 640
852 ## - Местоположение
Форматна сигнатура Цб ІІ 1653
Фондова буква Хранилище
999 ## - СИСТЕМНИ КОНТРОЛНИ НОМЕРА
Koha biblionumber 393788
Koha biblioitemnumber 393788
942 ## - АРТИКУЛИ
Вид на библиотечния материал Книги
Скрит в OPAC Не
Периодичен библиозапис Да
944 ## - СЪЗДАВАНЕ И РЕДАКЦИЯ на ЗАПИСА
Създаване/Редакция Създаване
Дата на регистрацията/редакция 2021-01-13
Служител, извършил регистрацията/редакцията С.Т.
Наличности
Код за отписване Код за изгубен артикул Източник на класификационната схема Код за повреда Коз за рестрикции Код за отдаване Артикулен № Име на библиотеката - собственик Име на библиотеката, в която се намира в момента Статус (Текущо местоположение) Дата на вписване в системата Местоположение - отдел Цена в лева Инвентарен номер Систематично азбучна сигнатура Баркод Цена в евро Служебен тип на артикула
  Не е изгубен Universal Decimal Classification Не е повреден само за читалня ползва се в читалня 806925 Регионална библиотека "Любен Каравелов" Русе Регионална библиотека "Любен Каравелов" Русе Хранилище 2021-01-13 Хранилище 0.30 766/61 Цб ІІ 1653 900000036293 0.15 Книги
Vip Innovations Ltd, Rousse, Bulgaria 2025